Beste europäische Fußballvereine - Statistiken

Allgemein
  • Dieses Quiz wurde 231 mal gespielt
    82 seit der letzten Aktualisierung
  • Das Durchschnittsergebnis liegt bei 14 aus 20
Antwortstatistiken
# Mannschaft Punkte % Korrekt
3. Bayern Munich 108,000
100%
2. Real Madrid 119,000
100%
18. Barcelona 67,000
95%
1. Manchester City 123,000
94%
8. Borussia Dortmund 79,000
92%
10. Inter Mailand 76,000
91%
19. Arsenal 62,000
89%
4. Liverpool 96,000
89%
14. Manchester United 70,000
88%
6. Paris Saint-Germain 85,000
85%
9. Chelsea 79,000
83%
17. Atletico Madrid 67,000
82%
11. Bayer Leverkusen 72,000
71%
13. Leipzig 70,000
60%
15. Benfica 69,000
58%
5. AS Rom 90,000
57%
12. Porto 70,000
49%
20. Atalanta 61,000
29%
7. Villareal 82,000
17%
16. West Ham United 69,000
15%
Keine übereinstimmenden Quizze gefunden
Verteilung der Resultate
Anzahl Personen mit jedem Resultat
Perzentil nach korrekt beantworteten Fragen
Ihre Resultats-Entwicklung
Sie haben dieses Quiz seit der letzten Aktualisierung nicht gespielt